Catálogo de la Biblioteca Horacio González - Universidad Nacional de General Sarmiento

Trono de sangre (Registro nro. 53888)

Detalles MARC
000 -CABECERA
campo de control de longitud fija 01890ngm a22003970a 4500
001 - NÚMERO DE CONTROL
campo de control PT45857
003 - IDENTIFICADOR DEL NÚMERO DE CONTROL
campo de control AR-LpoUNG
005 - FECHA Y HORA DE LA ÚLTIMA TRANSACCIÓN
campo de control 20210201235953.0
007 - CAMPO FIJO DE DESCRIPCIÓN FÍSICA--INFORMACIÓN GENERAL
campo de control de longitud fija vd cvaizq
008 - DATOS DE LONGITUD FIJA--INFORMACIÓN GENERAL
campo de control de longitud fija 191001s1957||||ag |||||||||||||||||jpn d
037 ## - FUENTE DE ADQUISICIÓN
Condiciones de disponibilidad $8
040 ## - FUENTE DE LA CATALOGACIÓN
Centro catalogador/agencia de origen AR-LpoUNG
Lengua de catalogación spa
Centro/agencia transcriptor AR-LpoUNG
Normas de descripción aacr
041 ## - CÓDIGO DE LENGUA
Código de lengua del texto/banda sonora o título independiente jpn
044 ## - CÓDIGO DEL PAÍS DE LA ENTIDAD EDITORA/PRODUCTORA
Código MARC del país ag
082 0# - NÚMERO DE LA CLASIFICACIÓN DECIMAL DEWEY
Número de clasificación 952.024 96tro
100 1# - ENTRADA PRINCIPAL--NOMBRE DE PERSONA
Nombre de persona Kurosawa, Akira
Término indicativo de función/relación dir.
245 10 - MENCIÓN DE TÍTULO
Título Trono de sangre
260 ## - PUBLICACIÓN, DISTRIBUCIÓN, ETC.
Lugar de publicación, distribución, etc. Buenos Aires :
Nombre del editor, distribuidor, etc. Epoca,
Fecha de publicación, distribución, etc. 1957.
300 ## - DESCRIPCIÓN FÍSICA
Extensión DVD (105 min.) : son., byn
505 0# - NOTA DE CONTENIDO CON FORMATO
Nota de contenido con formato Guión: Akira Kurosawa, Ryuzo Kikushima, Hideo Oguni, Shinobu Hashimoto. Basada en la obra de William Shakespeare "Macbeth". Música: Masaru Sato. Protagonistas: Toshiro Mifune, Isuzu Yamada, Minoru Chiaki, Akira Kubo, Takashi Shimura, Takamaru Sasaki. Subtítulos en castellano.
520 ## - SUMARIO, ETC.
Sumario, etc. Al regreso de una campaña victoriosa, en el Japón del siglo XVI, Washizu y Miki son sorprendidos en un bosque por la Muerte que les predice un futuro que va a ocurrir ante sus espantados ojos. Extraordinaria adaptacion de Macbeth, quién sabe la mejor de todas. El logro no es sólo por la belleza formal de la obra sino por el resultado del traslado del tema al Japón del siglo XVI. ®Ese periodo de guerras civiles se correspondía muy bien con el descripto por Shakespeare, dice Kurosawa, a tal punto que en Japón tuvimos un personaje como el de Macbeth. Asi que trasladar ese drama al Japón me surgió espontáneamente. Me olvidé de Shakespeare y rodé el film como si se tratara de una historia de mi pais».
650 #4 - PUNTO DE ACCESO ADICIONAL DE MATERIA--TÉRMINO DE MATERIA
Término de materia o nombre geográfico como elemento de entrada DRAMA
650 #4 - PUNTO DE ACCESO ADICIONAL DE MATERIA--TÉRMINO DE MATERIA
Término de materia o nombre geográfico como elemento de entrada GUERRA
650 #4 - PUNTO DE ACCESO ADICIONAL DE MATERIA--TÉRMINO DE MATERIA
Término de materia o nombre geográfico como elemento de entrada HISTORIA POLITICA
650 #4 - PUNTO DE ACCESO ADICIONAL DE MATERIA--TÉRMINO DE MATERIA
Término de materia o nombre geográfico como elemento de entrada JAPON
650 #4 - PUNTO DE ACCESO ADICIONAL DE MATERIA--TÉRMINO DE MATERIA
Término de materia o nombre geográfico como elemento de entrada PODER POLITICO
650 #4 - PUNTO DE ACCESO ADICIONAL DE MATERIA--TÉRMINO DE MATERIA
Término de materia o nombre geográfico como elemento de entrada RELACIONES HUMANAS
651 #4 - PUNTO DE ACCESO ADICIONAL DE MATERIA--NOMBRE GEOGRÁFICO
Nombre geográfico Japón
653 ## - TÉRMINO DE INDIZACIÓN--NO CONTROLADO
Término no controlado BELICO
653 ## - TÉRMINO DE INDIZACIÓN--NO CONTROLADO
Término no controlado CINE JAPONES
653 ## - TÉRMINO DE INDIZACIÓN--NO CONTROLADO
Término no controlado DVD
653 ## - TÉRMINO DE INDIZACIÓN--NO CONTROLADO
Término no controlado FEUDALISMO
653 ## - TÉRMINO DE INDIZACIÓN--NO CONTROLADO
Término no controlado VIDEOS
905 ## - ELEMENTOS DE DATOS E LOCAL, LDE (RLIN)
a 45857
942 ## - ELEMENTOS DE PUNTO DE ACCESO ADICIONAL (KOHA)
Tipo de ítem Koha DVD
Existencias
Estado de retiro Estado de pérdida Estado dañado No para préstamo Código de colección Localización permanente Ubicación/localización actual Fecha de adquisición Total de préstamos Signatura topográfica completa Código de barras Fecha visto por última vez Fecha del último préstamo Precio válido a partir de Tipo de ítem Koha
        Colección Cine Biblioteca Universidad Nacional de General Sarmiento Biblioteca Universidad Nacional de General Sarmiento 01/02/2021 1 952.024 96tro 00053897 22/05/2024 25/10/2023 01/02/2021 DVD
        Colección Cine Biblioteca Universidad Nacional de General Sarmiento Biblioteca Universidad Nacional de General Sarmiento 01/02/2021   952.024 96tro 00053898 01/02/2021   01/02/2021 DVD
        Colección Cine Biblioteca Universidad Nacional de General Sarmiento Biblioteca Universidad Nacional de General Sarmiento 01/02/2021   952.024 96tro 00053899 01/02/2021   01/02/2021 DVD